| 000 | 00344cam a22001217a 4500 | ||
|---|---|---|---|
| 008 | 180718b1963 xxu||||| |||| 00| 0 eng d | ||
| 082 | _aB1 Si 64 | ||
| 100 | _aSinha, Ajit Kumar | ||
| 245 |
_aPrinciples of sociology _cby Ajit Kumar Sinha |
||
| 260 |
_aAgra _bLakshmi Narain Agarwal _c1963 |
||
| 300 | _a293p | ||
| 650 | _aSociology.Social sciences. | ||
| 999 |
_c416983 _d416983 |
||